The 1950s Movies Picture Quiz - Statistics

General Stats
  • This quiz has been taken 969 times
  • The average score is 19 of 50
Answer Stats
Picture Hint Answer % Correct
1950 Cinderella
97%
1953 Peter Pan
93%
1952 Singin in the Rain
91%
1951 Alice in Wonderland
89%
1955 Lady and the Tramp
88%
1959 Sleeping Beauty
79%
1957 12 Angry Men
64%
1958 Vertigo
63%
1954 Rear Window
61%
1959 Ben-Hur
58%
1959 Some Like It Hot
58%
1956 Around the World in 80 Days
57%
1959 North by Northwest
57%
1955 Rebel Without a Cause
57%
1954 On the Waterfront
49%
1957 The Bridge on the River Kwai
48%
1953 Roman Holiday
45%
1951 A Streetcar Named Desire
44%
1953 Gentlemen Prefer Blondes
44%
1957 Old Yeller
43%
1956 The Ten Commandments
43%
1954 White Christmas
39%
1955 Oklahoma!
32%
1953 From Here to Eternity
29%
1950 Sunset Boulevard
29%
1958 Cat on a Hot Tin Roof
28%
1956 Giant
28%
1950 All About Eve
27%
1951 An American in Paris
27%
1952 High Noon
27%
1957 Paths of Glory
27%
1951 Strangers on a Train
25%
1955 East of Eden
23%
1956 The Searchers
23%
1954 Dial M for Murder
18%
1958 South Pacific
18%
1955 The Night of the Hunter
17%
1952 The Quiet Man
17%
1956 High Society
16%
1958 Gigi
15%
1959 Anatomy of a Murder
14%
1952 Ivanhoe
11%
1954 The Caine Mutiny
11%
1957 Sayonara
10%
1951 Quo Vadis
9%
1953 The Robe
9%
1952 The Greatest Show on Earth
7%
1950 Cheaper by the Dozen
6%
1950 King Solomons Mines
6%
1958 Touch of Evil
6%
No matching quizzes found
Score Distribution
Percent of People with Each Score
Percentile by Number Answered
Your Score History
You have not taken this quiz